书目信息 |
| 题名: |
河蟹养殖实用技术
|
|
| 作者: | 谢光伟 编著 | |
| 分册: | ||
| 出版信息: | 北京 金盾出版社 2000 |
|
| 页数: | 120页 | |
| 开本: | 19cm | |
| 丛书名: | “帮你一把富起来”农业科技丛书 | |
| 单 册: | ||
| 中图分类: | S966.16 | |
| 科图分类: | ||
| 主题词: | 养蟹--淡水养殖 | |
| 电子资源: | ||
| ISBN: | 7-5082-1403-X | |
| 000 | 00857oam2 2200241 450 | |
| 001 | 2339816074 | |
| 005 | 20231224110400.00 | |
| 010 | @a7-5082-1403-X@dCNY 8.50 | |
| 100 | @a20010120d2000 em y0chiy0110 ea | |
| 101 | 0 | @achi |
| 102 | @aCN@b110000 | |
| 105 | @ay z 000yy | |
| 200 | 1 | @a河蟹养殖实用技术@Ahe xie yang zhi shi yong ji shu@b专著@f谢光伟编著 |
| 210 | @a北京@c金盾出版社@d2000 | |
| 215 | @a120页@d19cm | |
| 225 | 2 | @a“帮你一把富起来”农业科技丛书 |
| 330 | @a本书介绍了河蟹的形态特征、生活习性与营养需要,天然蟹苗利用、河蟹人工繁殖、饵料配制、病害防治,以及池塘养蟹、稻田养蟹、湖泊养蟹、水库养蟹和河蟹捕捞与综合利用等技术。 | |
| 410 | 0 | @12001 @a“帮你一把富起来”农业科技丛书 |
| 606 | 0 | @a养蟹@x淡水养殖 |
| 690 | @aS966.16@v5 | |
| 701 | 0 | @a谢光伟@Axie guang wei@4编著 |
| 801 | 2 | @aCN@b辽宁北配@c20231205 |
| 905 | @aBZT@dS966.16@e106 | |
| 河蟹养殖实用技术/谢光伟编著.-北京:金盾出版社,2000 |
| 120页;19cm.-(“帮你一把富起来”农业科技丛书) |
| ISBN 7-5082-1403-X:CNY 8.50 |
| 本书介绍了河蟹的形态特征、生活习性与营养需要,天然蟹苗利用、河蟹人工繁殖、饵料配制、病害防治,以及池塘养蟹、稻田养蟹、湖泊养蟹、水库养蟹和河蟹捕捞与综合利用等技术。 |
| ● |
| 相关链接 |
|
|
|
正题名:河蟹养殖实用技术
索取号:S966.16/106
 
预约/预借
| 序号 | 登录号 | 条形码 | 馆藏地/架位号 | 状态 | 备注 |
| 1 | 2001693428 | 2001693428 | 辽三/辽宁北配(第三批)/3820/ [索取号:S966.16/106] | 在馆 | |
| 2 | 2001693429 | 2001693429 | 辽三/辽宁北配(第三批)/3820/ [索取号:S966.16/106] | 在馆 | |
| 3 | 2001693430 | 2001693430 | 辽三/辽宁北配(第三批)/3820/ [索取号:S966.16/106] | 在馆 | |
| 4 | 2001693431 | 2001693431 | 辽三/辽宁北配(第三批)/3820/ [索取号:S966.16/106] | 在馆 | |
| 5 | 2001693432 | 2001693432 | 辽三/辽宁北配(第三批)/3820/ [索取号:S966.16/106] | 在馆 | |
| 6 | 2001693433 | 2001693433 | 辽三/辽宁北配(第三批)/3820/ [索取号:S966.16/106] | 在馆 | |
| 7 | 2001693434 | 2001693434 | 辽三/辽宁北配(第三批)/3820/ [索取号:S966.16/106] | 在馆 | |
| 8 | 2001693435 | 2001693435 | 辽三/辽宁北配(第三批)/3820/ [索取号:S966.16/106] | 在馆 | |
| 9 | 2001693436 | 2001693436 | 辽三/辽宁北配(第三批)/3820/ [索取号:S966.16/106] | 在馆 | |
| 10 | 2001693437 | 2001693437 | 辽三/辽宁北配(第三批)/3820/ [索取号:S966.16/106] | 在馆 | |
| 11 | 2001693438 | 2001693438 | 辽三/辽宁北配(第三批)/3820/ [索取号:S966.16/106] | 在馆 | |
| 12 | 2001693439 | 2001693439 | 辽三/辽宁北配(第三批)/3820/ [索取号:S966.16/106] | 在馆 | |
| 13 | 2001693440 | 2001693440 | 辽三/辽宁北配(第三批)/3820/ [索取号:S966.16/106] | 在馆 | |
| 14 | 2001693441 | 2001693441 | 辽三/辽宁北配(第三批)/3820/ [索取号:S966.16/106] | 在馆 | |
| 15 | 2001693442 | 2001693442 | 辽三/辽宁北配(第三批)/3820/ [索取号:S966.16/106] | 在馆 | |
| 16 | 2001693443 | 2001693443 | 辽三/辽宁北配(第三批)/3820/ [索取号:S966.16/106] | 在馆 | |
| 17 | 2001693444 | 2001693444 | 辽三/辽宁北配(第三批)/3820/ [索取号:S966.16/106] | 在馆 | |
| 18 | 2001693445 | 2001693445 | 辽三/辽宁北配(第三批)/3820/ [索取号:S966.16/106] | 在馆 | |
| 19 | 2001693446 | 2001693446 | 辽三/辽宁北配(第三批)/3820/ [索取号:S966.16/106] | 在馆 | |
| 20 | 2001693447 | 2001693447 | 辽三/辽宁北配(第三批)/3820/ [索取号:S966.16/106] | 在馆 | |
| 21 | 2001693448 | 2001693448 | 辽三/辽宁北配(第三批)/3820/ [索取号:S966.16/106] | 在馆 | |
| 22 | 2001693449 | 2001693449 | 辽三/辽宁北配(第三批)/3820/ [索取号:S966.16/106] | 在馆 | |
| 23 | 2001693450 | 2001693450 | 辽三/辽宁北配(第三批)/3820/ [索取号:S966.16/106] | 在馆 | |
| 24 | 2001693451 | 2001693451 | 辽三/辽宁北配(第三批)/3820/ [索取号:S966.16/106] | 在馆 | |
| 25 | 2001693452 | 2001693452 | 辽三/辽宁北配(第三批)/3820/ [索取号:S966.16/106] | 在馆 | |
| 26 | 2001693453 | 2001693453 | 辽三/辽宁北配(第三批)/3820/ [索取号:S966.16/106] | 在馆 | |
| 27 | 2001693454 | 2001693454 | 辽三/辽宁北配(第三批)/3820/ [索取号:S966.16/106] | 在馆 | |
| 28 | 2001693455 | 2001693455 | 辽三/辽宁北配(第三批)/3820/ [索取号:S966.16/106] | 在馆 | |
| 29 | 2001693456 | 2001693456 | 辽三/辽宁北配(第三批)/3820/ [索取号:S966.16/106] | 在馆 | |
| 30 | 2001693457 | 2001693457 | 辽三/辽宁北配(第三批)/3820/ [索取号:S966.16/106] | 在馆 |